000 004640000a22001930004500
005 20120302053054.0
942 _cBOOK
100 _a Knox, Ronald A.
245 _a University and anglican Sermons
260 _aLondon:
_bBurns and Oates,
_c1963
300 _aix,522p
040 _aENG
365 _bRs.
650 _aReligion
650 _aChristian
650 _aChristianity-Religion
650 _aUniversity-Anglican Sermons
650 _aHidden Stream
999 _c341869
_d341866